20 Biggest Cities in Flanders, Belgium - Statistics

General Stats
  • This quiz has been taken 591 times
  • The average score is 12 of 20
Answer Stats
Rank Population City % Correct
1 460,000 Antwerp
98%
2 231,000 Ghent
97%
3 117,000 Bruges
95%
8 69,000 Hasselt
81%
4 93,000 Leuven
81%
6 78,000 Mechelen
80%
11 64,000 Genk
79%
7 74,000 Kortrijk
79%
5 78,000 Aalst
66%
9 69,000 Ostend
61%
10 69,000 Sint-Niklaas
60%
12 56,000 Roeselare
48%
16 40,000 Turnhout
47%
19 38,000 Sint Truiden
43%
14 43,000 Dendermonde
42%
20 38,000 Lokeren
42%
13 45,000 Beveren
31%
15 41,000 Beringen
18%
17 39,000 Dilbeek
10%
18 38,000 Heist-op-den-Berg
10%
No matching quizzes found
Score Distribution
Percent of People with Each Score
Percentile by Number Answered
Your Score History
You have not taken this quiz